Recordación de Cajal : (Record no. 126421)
[ view plain ]
| 000 -LEADER | |
|---|---|
| campo de control de longitud fija | 00848nam a2200193 4500 |
| 001 - NÚMERO DE CONTROL | |
| campo de control | 126421 |
| 003 - IDENTIFICADOR DE NÚMERO DE CONTROL | |
| campo de control | ES-MaACL |
| 005 - FECHA Y HORA DE LA ÚLTIMA TRANSACCIÓN | |
| campo de control | 20230906192822.0 |
| 007 - CAMPO FIJO DE DESCRIPCIÓN FÍSICA--INFORMACIÓN GENERAL | |
| campo de control de longitud fija | t| |
| 008 - DATOS DE LONGITUD FIJA--INFORMACIÓN GENERAL | |
| campo de control de longitud fija | 070214s1952 mx r ||||1| spa d |
| 245 00 - MENCIÓN DEL TÍTULO | |
| Título | Recordación de Cajal : |
| Resto del título | [homenaje a Cajal en el primer centenario de su nacimiento] / |
| Mención de responsabilidad, etc. | participan Joaquín D'Harcourt, Luis Garrido, I. Costero, Dionisio Nieto, Manuel Martínez Báez, M. Márquez, Tomás G. Perrin, Arturo Rosenblueth, J. Puche, Julio Bejarano y Germán Somolinos. |
| 260 ## - PUBLICACIÓN, DISTRIBUCIÓN, ETC. | |
| Lugar de publicación, distribución, etc. | México : |
| Nombre del editor, distribuidor, etc. | [s.n.], |
| Fecha de publicación, distribución, etc. | 1952. |
| 300 ## - DESCRIPCIÓN FÍSICA | |
| Extensión | 73 p. , 2 lám. ; |
| Dimensiones | 25 cm. |
| 595 ## - | |
| -- | Separata de: Cuadernos americanos, n. 4, jul.-ag. de 1952. |
| 600 14 - PUNTO DE ACCESO ADICIONAL DE MATERIA--NOMBRE DE PERSONA | |
| Nombre de persona | Ramón y Cajal, Santiago, |
| Fechas asociadas al nombre | 1852-1934- |
| Subdivisión de forma | Homenajes |
| 9 (RLIN) | 95230 |
| 700 1# - ENTRADA AGREGADA--NOMBRE PERSONAL | |
| Nombre de persona | Harcourt, Joaquín D'. |
| 9 (RLIN) | 61805 |
| 852 ## - LOCALIZACIÓN | |
| Ubicación | ES-MaACL |
| Número de control de estantería | 1941-F-23 |
| Estatus retirado | Estado de pérdida | Estado de daño | No para préstamo | Colección | Biblioteca de origen | Biblioteca actual | Ubicación en estantería | Fecha de adquisición | Fuente de adquisición | Total de préstamos | Signatura topográfica completa | Código de barras | Visto por última vez | Precio de reemplazo | Tipo de ítem Koha |
|---|---|---|---|---|---|---|---|---|---|---|---|---|---|---|---|
| Colección de folletos | Biblioteca del Ateneo de Madrid | Biblioteca del Ateneo de Madrid | Depósito folletos | 17/01/2008 | 1941-F-23 | 1131675 | 23/02/2023 | 23/02/2023 | Folleto |
